Jalkapallon EM-mitalistit - Statistics

Yleistilastot
  • Tätä visaa on pelattu 148 kertaa
  • Keskiarvotulos 11 / 13
Vastaustilastot
Kulta Hopea Vastaus % Oikein
3 1 Espanja
100%
2 1 Ranska
98%
3 3 Saksa
98%
2 2 Italia
96%
1 1 Portugali
94%
0 1 Englanti
90%
1 0 Alankomaat
82%
1 0 Kreikka
81%
0 1 Belgia
79%
1 3 Venäjä
78%
1 0 Tanska
73%
1 1 Tsekki
71%
0 2 Serbia
36%
Ehtoja vastaavia visoja ei löytynyt
Tulosjakauma
Jokaisen tuloksen saaneiden osuus
Persentiili vastausten määrän mukaan
Tuloshistoriasi
Et ole pelannut tätä visaa